Passi stradali più alti d'Italia - Statistics

Statistiche generali
  • Questo quiz è stato fatto 20 volte
  • Il punteggio medio è 1 su 10
Statistiche sulle risposte
Hint Risposta % Corretto
2.758 mt Passo dello Stelvio
95%
2.618 mt Passo di Gavia
26%
2.744 mt Colle dell'Agnello
21%
3.131 mt Chaberton
0%
2.527 mt Colle del Mulo
0%
2.612 mt Colle del Nivolet
0%
2.993 mt Colle del Sommeiller
0%
2.805 mt Monte Jefferau
0%
2.509 mt Passo del Rombo
0%
2.915 mt Torre del Filosofo
0%
Nessun quiz corrispondente trovato
Distribuzione punteggi
Percentuale di utenti per punteggio
Percentile per numero di risposta
I tuoi punteggi nel tempo
Non hai fatto questo quiz